[Event "Australian-ch 2018"]
[Site "Sydney"]
[Date "2018.01.04"]
[Round "4"]
[White "Willathgamuwa, Rowan"]
[Black "Kethro, Michael"]
[Result "0-1"]
[WhiteElo "1980"]
[BlackElo "2195"]
[Annotator "ChessBase"]
[PlyCount "100"]
[EventDate "2018.01.02"]
[EventType "tourn"]
[EventCountry "AUS"]
[SourceTitle "playchess.com"]
[Source "ChessBase"]
[SourceQuality "1"]
[TimeControl "40/5400+30:1800+30"]

1. Nf3 c5 2. g3 Nc6 3. c4 g6 4. Bg2 Bg7 5. Nc3 e5 6. d3 Nge7 7. Nd2 d6 8. Nf1 O-O 9. Ne3 a6 10. Ned5 Rb8 11. Rb1 b5 12. cxb5 axb5 13. Nxe7+ Nxe7 14. b4 cxb4 15. Nd5 Bb7 16. Qb3 Nxd5 17. Bxd5 Qa5 18. Bd2 Bxd5 19. Qxd5 Qa8 20. Qxa8 Rxa8 21. Bxb4 Rxa2 22. Bxd6 Rd8 23. Be7 Rd7 24. Bc5 Rc7 25. Bd6 Rc6 26. Be7 Ra7 27. Bb4 Rc2 28. Bd6 Rb7 29. f3 b4 30. Kf2 b3 31. Rhc1 Rxc1 32. Rxc1 f5 33. Ke3 e4 34. Kd2 exd3 35. exd3 Bd4 36. Bf4 Kf7 37. Be3 Bf6 38. d4 Ke6 39. Rb1 Kd5 40. Kc3 b2 41. h4 h5 42. Bf2 Rc7+ 43. Kd3 Rb7 44. Kc3 Rb8 45. Be3 Rb5 46. Bf2 Bg7 47. Be3 Ra5 48. Kxb2 Bxd4+ 49. Bxd4 Rb5+ 50. Kc2 Rxb1 0-1

[Event "Australian-ch 2018"]
[Site "Sydney"]
[Date "2018.01.04"]
[Round "4"]
[White "Silver, Dmitri"]
[Black "Ferozkohi, Ihsan"]
[Result "1-0"]
[WhiteElo "1905"]
[BlackElo "2130"]
[Annotator "ChessBase"]
[PlyCount "129"]
[EventDate "2018.01.02"]
[EventType "tourn"]
[EventCountry "AUS"]
[SourceTitle "playchess.com"]
[Source "ChessBase"]
[SourceQuality "1"]
[TimeControl "40/5400+30:1800+30"]

1. e4 e6 2. d4 d5 3. Nc3 Nf6 4. e5 Nfd7 5. f4 c5 6. Nce2 cxd4 7. Nxd4 Nc6 8. Ngf3 Nxd4 9. Nxd4 Bc5 10. c3 Qb6 11. b4 Be7 12. Be3 Qd8 13. Bd3 Nb6 14. Qe2 Bd7 15. O-O Rc8 16. f5 exf5 17. Nxf5 Bxf5 18. Bxf5 Rxc3 19. e6 d4 20. Bd2 Rc6 21. Qh5 Qd5 22. exf7+ Kf8 23. Rae1 Nd7 24. Qe2 Qd6 25. Bf4 d3 26. Qe3 Qxb4 27. Kh1 Nf6 28. Bxd3 Kxf7 29. Bg5 Rd8 30. Bf5 Qc5 31. Qb3+ Kf8 32. Bxh7 Qd5 33. Qxb7 Rd7 34. Qa8+ Rd8 35. Qxa7 Bc5 36. Qa4 Rb6 37. Rd1 Qa8 38. Qc4 Rxd1 39. Qg8+ Ke7 40. Qxg7+ Kd6 41. Rxd1+ Nd5 42. Qe7+ Kc6 43. Qe6+ Kc7 44. Qxd5 Qxd5 45. Rxd5 Bf8 46. g3 Rb2 47. Rd2 Rb5 48. Bf4+ Kb6 49. h4 Bg7 50. Bg6 Bc3 51. Rc2 Bd4 52. h5 Rb1+ 53. Kg2 Re1 54. Kf3 Bf6 55. Be4 Bd4 56. h6 Rf1+ 57. Kg4 Re1 58. Bf3 Re8 59. Rc6+ Kb5 60. Rg6 Rh8 61. Kh5 Kc4 62. Rc6+ Kb5 63. Re6 Rf8 64. Be2+ Kc5 65. Bd6+ 1-0

[Event "Australian-ch 2018"]
[Site "Sydney"]
[Date "2018.01.04"]
[Round "5"]
[White "Cheng, Bobby"]
[Black "Nakauchi, Gene"]
[Result "1-0"]
[WhiteElo "2504"]
[BlackElo "2208"]
[Annotator "TA"]
[PlyCount "77"]
[EventDate "2018.01.02"]
[EventType "tourn"]
[EventCountry "AUS"]
[SourceTitle "playchess.com"]
[Source "ChessBase"]
[SourceQuality "1"]

{[%evp 27,77,132,119,104,109,106,112,110,110,66,65,0,0,0,0,0,0,0,0,0,205,193,274,266,339,314,512,508,493,484,493,466,549,616,616,610,593,588,727,713,729,694,783,777,1567,899,1644,1452,6195,5627,29984,29985]} 1. d4 Nf6 2. c4 c5 3. d5 e6 4. Nc3 exd5 5. cxd5 d6 6. e4 g6 7. f4 Bg7 8. Bb5+ Nfd7 9. Bd3 O-O 10. Nf3 a6 11. a4 Nf6 12. h3 Nbd7 13. O-O Re8 14. Re1 Qc7 {LiveBook: 6 Partien. A67: Benoni (Dreibauern-System)} 15. Bc2 (15. Bc4 Nb6 16. Ba2 c4 17. e5 Nfd7 18. Ne4 dxe5 19. a5 exf4 20. axb6 Qxb6+ 21. Kh1 Qb4 22. Rb1 {1-0 (37) Loetscher,R (2395)-Aerni,A (2206) Basel 2013}) 15... c4 16. Be3 Nc5 {[%cal Rf6e4] Weiß steht besser.} 17. Bd4 Bd7 18. g4 b5 $146 ({Vorgänger:} 18... h5 19. e5 dxe5 20. fxe5 hxg4 21. d6 {1-0 (31) Parginos,V (2227)-Masouros,P (1945) Aghios Kirykos 2010}) 19. e5 (19. axb5 $1 $14 axb5 20. Rxa8 Rxa8 21. e5) 19... dxe5 $1 $11 20. fxe5 b4 $1 {[%cal Rb4c3]} 21. d6 $36 {[%mdl 2048] Weiss hat Initiative.} (21. exf6 $2 Qg3+ 22. Kf1 Rxe1+ 23. Nxe1 Qxh3+ 24. Kg1 Bxg4 $19) 21... Qc6 $1 22. exf6 Rxe1+ 23. Nxe1 bxc3 $2 (23... Bf8 $1 $11 {und Schwarz steht sicher.}) 24. fxg7 $18 cxb2 (24... Qxd6 $142 25. Ng2 (25. bxc3 Qg3+ 26. Ng2 Bc6 $16) 25... Bc6 26. bxc3 Qg3) 25. Bxb2 Ne6 {[#] ...Db6+ ist eine echte Drohung.} 26. Bf6 Nf4 $2 (26... Re8 27. Qd2 Qc5+ 28. Kh1 Nxg7) 27. Qf3 Qc5+ 28. Kf1 Nd5 29. Be4 Ne3+ 30. Ke2 Re8 31. Qxe3 Qxd6 {[#] zielt auf ...Lc6 ab.} 32. Rd1 Qxf6 33. Rxd7 Qe5 34. Rd4 Qh2+ 35. Kf1 Re6 36. g5 {Und weiter mit Td8+ wäre nett.} Qc7 37. Nf3 c3 38. Qd3 Kxg7 39. Rc4 {Precision: Weiß = 79%, Schwarz = 38%.} 1-0

[Event "Australian-ch 2018"]
[Site "Sydney"]
[Date "2018.01.04"]
[Round "5"]
[White "Izzat, Kanan"]
[Black "Loh, Zachary"]
[Result "1-0"]
[WhiteElo "2487"]
[BlackElo "2193"]
[Annotator "TA"]
[PlyCount "53"]
[EventDate "2018.01.02"]
[EventType "tourn"]
[EventCountry "AUS"]
[SourceTitle "playchess.com"]
[Source "ChessBase"]
[SourceQuality "1"]

{[%evp 18,53,65,12,54,53,60,54,69,50,53,63,139,143,131,133,149,119,336,334,315,314,281,314,399,399,378,370,353,356,475,472,458,422,453,450,533,522]} 1. d4 Nf6 2. c4 g6 3. Nc3 Bg7 4. e4 d6 5. h3 O-O 6. Be3 e5 7. d5 a5 8. g4 {E71: King's Indian: 4 e4 d6 5 h3} Na6 9. Nge2 Nd7 (9... c6 10. Ng3 Nc5 11. g5 Nfd7 12. h4 cxd5 13. Nxd5 Nb6 14. Nc3 Be6 15. b3 a4 {1-0 (36) Ding,L (2777)-Amonatov,F (2636) Riadh 2017}) 10. Ng3 {LiveBook: 3 Games} (10. Qd2 $14) 10... Ndc5 11. h4 c6 12. Be2 cxd5 13. cxd5 Bd7 14. Qd2 f5 $146 ({Black should play} 14... Nc7 $14) ({Predecessor:} 14... Rb8 15. h5 b5 {1-0 (50) Roehl,R (2140)-Gaede,D (2165) Germany 2002}) 15. gxf5 $16 gxf5 16. exf5 Bxf5 17. h5 {[%cal Bh4h5,Bh5h6][%mdl 32] h6 is the strong threat.} Nb4 $2 {[#]} (17... Bd7 $16 {might work better.}) 18. Nxf5 $18 Rxf5 19. Bxc5 dxc5 20. a3 Na6 21. h6 Bf6 22. d6 {[%cal Bd5d6,Bd6c7][%mdl 32]} Kh8 23. Qd5 Rf4 24. Qxb7 {White is clearly winning.} c4 {Now ...Nc5 and Black clings on.} 25. Nd5 Nc5 26. Qc7 Qxc7 27. dxc7 {Precision: White = 76%, Black = 28%.} ({Less strong is} 27. Nxc7 Rf8 $14) 1-0

[Event "Australian-ch 2018"]
[Site "Sydney"]
[Date "2018.01.04"]
[Round "5"]
[White "Ly, Moulthun"]
[Black "Lane, Gary W"]
[Result "1-0"]
[WhiteElo "2480"]
[BlackElo "2401"]
[Annotator "TA"]
[PlyCount "67"]
[EventDate "2018.01.02"]
[EventType "tourn"]
[EventCountry "AUS"]
[SourceTitle "playchess.com"]
[Source "ChessBase"]
[SourceQuality "1"]

{[%evp 21,67,50,51,35,39,42,51,30,62,60,62,58,66,19,19,19,16,10,11,11,25,12,10,10,34,21,102,39,56,55,85,90,132,36,78,78,78,78,78,78,125,125,116,118,1250,1107,791,722]} 1. Nf3 d5 2. g3 c5 3. Bg2 Nc6 4. d4 e6 5. O-O Nf6 6. c4 Be7 7. cxd5 exd5 8. dxc5 Bxc5 9. a3 a6 10. b4 Be7 11. Bb2 O-O {LiveBook: 3 Games} 12. Nbd2 {[%cal Bb1d2,Bd2b3,Bb3d4,Bd4f5][%mdl 32] D30: Queen's Gambit Declined: Systems without Nc3} Bg4 13. Nb3 Qb6 $146 ({Predecessor:} 13... Ne4 14. Rc1 Re8 15. h3 Bh5 16. Nfd4 Bf6 17. Nxc6 bxc6 18. Bxf6 Qxf6 19. g4 Bg6 {1-0 (56) Peng,Z (2443)-Leconte,M (2302) Leon 2001}) 14. h3 {White is slightly better.} Bxf3 15. Bxf3 a5 16. Nd4 axb4 17. Nf5 {With the idea Qc1.} bxa3 18. Nxe7+ Nxe7 19. Bxa3 Qe6 20. Kg2 Rfe8 21. Qb3 Nc6 22. Bb2 Rxa1 23. Rxa1 Ne4 (23... Rb8 $11 {keeps the balance.}) 24. h4 (24. Qxb7 $16 {Hoping for Ra8.} Qc8 25. Qxc8 Rxc8 26. Bg4) 24... h6 25. Qxb7 Nd2 26. Bh5 $1 Nc4 27. Bc3 (27. Ra6 $16 Rb8 28. Qxc6 Qxc6 29. Rxc6 Nxb2 30. Rd6) 27... d4 {[#]} 28. Ra6 $1 {[%cal Ra6c6]} N4e5 {[#]} 29. Bxd4 $1 {[%mdl 512]} Qd5+ (29... Nxd4 30. Rxe6) 30. Bf3 Nxf3 31. exf3 Qxd4 32. Qxc6 Re2 $2 {[%mdl 8192]} (32... Rd8 $16 33. Qb7 Qd7) 33. Qc8+ $18 Kh7 34. Qf5+ {Precision: White = 68%, Black = 21%.} 1-0

[Event "Australian-ch 2018"]
[Site "Sydney"]
[Date "2018.01.04"]
[Round "5"]
[White "Morris, James"]
[Black "Smirnov, Anton"]
[Result "0-1"]
[WhiteElo "2477"]
[BlackElo "2527"]
[Annotator "TA"]
[PlyCount "114"]
[EventDate "2018.01.02"]
[EventType "tourn"]
[EventCountry "AUS"]
[SourceTitle "playchess.com"]
[Source "ChessBase"]
[SourceQuality "1"]

{[%evp 14,114,22,21,33,2,16,10,20,8,20,-25,-16,-12,-2,-25,-35,-37,-36,-37,-18,-23,-23,-49,-28,-23,-34,-29,-29,-25,-19,-25,-21,-63,-51,-60,-58,-74,-84,-84,-81,-70,-71,-126,-125,-132,-99,-117,-45,-66,-21,-62,-45,-50,-64,-85,-79,-172,-173,-206,-239,-234,-236,-442,-428,-568,-579,-1091,-1087,-1012,-1000,-884,-631,-814,-704,-656,-644,-672,-666,-554,-464,-414,-299,-606,-1175,-1131,-1127,-29957,-29962,-29964,-29965,-29966,-29966,-29964,-29966,-29964,-29965,-5340,-5340,-5333,-5326,-29994,-29995]} 1. e4 c5 2. Nf3 d6 3. d4 cxd4 4. Nxd4 Nf6 5. Nc3 a6 6. h3 b5 7. g4 {B90: Sicilian Najdorf: Unusual White 6th moves, 6 Be3 Ng4 and 6 Be3 e5} Bb7 8. Bg2 {LiveBook: 44 Games} Nc6 (8... e6 9. O-O Nfd7 10. a4 bxa4 11. f4 Nc6 12. f5 e5 13. Nf3 Nb4 14. Be3 Rc8 15. Rxa4 a5 16. Ra1 Nf6 {1-0 (32) Najer,E (2640)-Durarbayli,V (2543) Plovdiv 2012}) 9. O-O $146 {With the idea e5!White is slightly better.} ({Predecessor:} 9. e5 Nxd4 10. Bxb7 dxe5 11. Be3 Rb8 12. Bxd4 Rxb7 13. Bxe5 Qxd1+ 14. Rxd1 Nd7 {1-0 (28) Baglan,E (2305)-L'Ami,A (2304) Dieren 2017}) 9... Nxd4 10. Qxd4 e5 11. Qd3 Be7 {[%cal Bf8e7,Be7f6,Bf6e5][%mdl 32]} 12. f4 Nd7 13. Nd5 Bxd5 14. exd5 O-O 15. c3 exf4 16. Bxf4 Bf6 17. Be4 g6 18. Kg2 Be5 19. Bh6 Bg7 20. Bf4 Ne5 21. Qg3 Qc7 22. Rae1 Rfe8 23. b3 a5 24. Re3 a4 25. Rf2 axb3 26. axb3 Ra3 27. Bc2 Qb7 28. Bxe5 ({White should try} 28. Rd2) 28... Bxe5 $17 ({Reject} 28... dxe5 $6 29. Be4 $11) 29. Qf3 Ra1 30. Bd3 Rc8 {[#]} (30... Re7 $17 31. Rfe2 Qb6) 31. Bxb5 $1 $15 {[%mdl 512]} Qe7 ({Don't go for} 31... Qxb5 $2 32. Qxf7+ Kh8 33. Rxe5 $1 $18 {[%mdl 512]}) 32. Bc4 Rf8 33. Rf1 Rxf1 34. Qxf1 h5 35. Be2 {[#]} (35. Qf3 $17) 35... Qg5 $1 $36 {[%cal Rg5e3][%mdl 2048] Keeping White busy.} 36. Qf2 {White wants to play h4.} hxg4 37. hxg4 f5 38. Rf3 $2 (38. Rxe5 {was the only defense.} dxe5 39. Qg3) 38... Qxg4+ 39. Kf1 Ra8 {aiming for ...Ra1+.} 40. Qg2 {intending Qxg4.} Ra1+ 41. Kf2 Qh4+ 42. Ke3 Kf7 43. Qh3 Qe4+ 44. Kf2 Kg7 45. b4 Ra2 46. Re3 Qf4+ 47. Rf3 Qg5 48. b5 $2 (48. Rd3) 48... Ra1 {[%csl Ga1][%cal Rg5g1]} 49. Bf1 Ra4 50. Re3 Rh4 51. Qf3 Rf4 52. b6 Qh4+ 53. Ke2 Rxf3 54. Kxf3 Qf4+ 55. Ke2 Qc4+ 56. Kf2 Qc5 {( -> ...Bf4)} 57. b7 Bf4 {Precision: White = 34%, Black = 69%.} 0-1

[Event "Australian-ch 2018"]
[Site "Sydney"]
[Date "2018.01.04"]
[Round "5"]
[White "Xie, George Wendi"]
[Black "Puccini, Jack"]
[Result "1/2-1/2"]
[WhiteElo "2369"]
[BlackElo "2278"]
[Annotator "ChessBase"]
[PlyCount "125"]
[EventDate "2018.01.02"]
[EventType "tourn"]
[EventCountry "AUS"]
[SourceTitle "playchess.com"]
[Source "ChessBase"]
[SourceQuality "1"]
[TimeControl "40/5400+30:1800+30"]

1. d4 {[%emt 0:02:38]} Nf6 {[%emt 0:00:06]} 2. Nc3 {[%emt 0:00:05]} d5 {[%emt 0:01:29]} 3. Bg5 {[%emt 0:00:05]} Nbd7 {[%emt 0:00:34]} 4. Qd3 {[%emt 0:00:04]} c5 {[%emt 0:03:50]} 5. Bxf6 {[%emt 0:00:05]} Nxf6 {[%emt 0:00:37]} 6. dxc5 {[%emt 0:00:03]} e6 {[%emt 0:21:54]} 7. e4 {[%emt 0:00:18]} dxe4 {[%emt 0:09:58]} 8. Qxd8+ {[%emt 0:00:27]} Kxd8 {[%emt 0:00:04]} 9. O-O-O+ {[%emt 0:00:03]} Kc7 {[%emt 0:04:05]} 10. Nb5+ {[%emt 0:20:55]} Kb8 {[%emt 0:19:14]} 11. Nd6 {[%emt 0:13:24]} Bxd6 {[%emt 0:01:48]} 12. cxd6 {[%emt 0:02:16]} Rd8 {[%emt 0:01:46]} 13. Nh3 {[%emt 0:00:57]} h6 {[%emt 0:02:36]} 14. c4 {[%emt 0:14:54]} b6 {[%emt 0:01:48]} 15. g4 {[%emt 0:05:59]} Ne8 {[%emt 0:06:38]} 16. d7 {[%emt 0:02:10]} Rxd7 {[%emt 0:03:37]} 17. Bg2 {[%emt 0:00:01]} Nd6 {[%emt 0:00:43]} 18. Rhe1 {[%emt 0:00:07]} Kc7 {[%emt 0:01:16]} 19. Bxe4 {[%emt 0:01:17]} Nxe4 {[%emt 0:00:13]} 20. Rxd7+ {[%emt 0:00:04]} Kxd7 {[%emt 0:00:36]} 21. Rxe4 {[%emt 0:00:04]} Bb7 {[%emt 0:00:17]} 22. Re3 {[%emt 0:00:35]} Rc8 {[%emt 0:01:04]} 23. Rc3 {[%emt 0:00:06]} Ba6 {[%emt 0:03:15]} 24. Ra3 {[%emt 0:02:01]} Rxc4+ {[%emt 0:00:36]} 25. Kd2 {[%emt 0:00:01]} Bb7 {[%emt 0:01:11]} 26. Rxa7 {[%emt 0:00:03]} Kc7 {[%emt 0:00:45]} 27. f3 {[%emt 0:00:02]} Rd4+ {[%emt 0:01:02]} 28. Ke3 {[%emt 0:00:44]} Rb4 {[%emt 0:03:42]} 29. b3 {[%emt 0:00:03]} Kb8 {[%emt 0:02:30]} 30. Ra3 {[%emt 0:00:01]} h5 {[%emt 0:01:47]} 31. gxh5 {[%emt 0:00:42]} Rh4 {[%emt 0:02:52]} 32. Ng5 {[%emt 0:00:05]} Rxh5 {[%emt 0:01:36]} 33. Kf4 {[%emt 0:01:16]} Bd5 {[%emt 0:01:41]} 34. Kg4 {[%emt 0:00:15]} Rxh2 {[%emt 0:00:22]} 35. Nxf7 {[%emt 0:00:03]} Rg2+ {[%emt 0:01:03]} 36. Kf4 {[%emt 0:00:05]} Rf2 {[%emt 0:00:56]} 37. Ne5 {[%emt 0:00:18]} Rh2 {[%emt 0:00:46]} 38. Ng4 {[%emt 0:02:18]} Rd2 {[%emt 0:00:26]} 39. Ra4 {[%emt 0:00:21]} Kb7 {[%emt 0:00:19]} 40. Ke3 {[%emt 0:02:41]} Rc2 {[%emt 0:30:41]} 41. Ne5 {[%emt 0:33:07]} Rh2 {[%emt 0:00:00]} 42. Nd3 {[%emt 0:00:00]} g5 {[%emt 0:00:00]} 43. Nf2 {[%emt 0:00:00]} Rh8 {[%emt 0:00:00]} 44. Ne4 {[%emt 0:00:00]} Rg8 {[%emt 0:00:00]} 45. Rd4 {[%emt 0:00:00]} Kc6 {[%emt 0:00:00]} 46. Nd2 {[%emt 0:00:00]} Ra8 {[%emt 0:00:00]} 47. a4 {[%emt 0:00:00]} b5 {[%emt 0:00:00]} 48. axb5+ {[%emt 0:00:00]} Kxb5 {[%emt 0:00:00]} 49. Rg4 {[%emt 0:00:00]} Ra3 {[%emt 0:01:21]} 50. Rxg5 {[%emt 0:00:00]} Kc6 {[%emt 0:01:09]} 51. Rg8 {[%emt 0:00:00]} Kc7 {[%emt 0:00:28]} 52. Rg1 {[%emt 0:00:00]} Bxb3 {[%emt 0:02:00]} 53. Rc1+ {[%emt 0:00:00]} Bc2+ {[%emt 0:00:10]} 54. Kf4 {[%emt 0:00:00]} Rc3 {[%emt 0:00:16]} 55. Ne4 {[%emt 0:00:00]} Rc6 {[%emt 0:00:31]} 56. Ra1 {[%emt 0:00:00]} Bxe4 {[%emt 0:00:51]} 57. fxe4 {[%emt 0:00:00]} Rc5 {[%emt 0:00:24]} 58. Ra7+ {[%emt 0:00:00]} Kd6 {[%emt 0:01:25]} 59. e5+ {[%emt 0:00:00]} Kc6 {[%emt 0:00:09]} 60. Ra6+ {[%emt 0:00:01]} Kd7 {[%emt 0:00:07]} 61. Ra7+ {[%emt 0:00:14]} Kc6 {[%emt 0:00:18]} 62. Ra6+ {[%emt 0:00:07]} Kd7 {[%emt 0:00:19]} 63. Ra7+ {[%emt 0:00:05]} 1/2-1/2

[Event "Australian-ch 2018"]
[Site "Sydney"]
[Date "2018.01.04"]
[Round "5"]
[White "Dale, Ari"]
[Black "Illingworth, Max"]
[Result "0-1"]
[WhiteElo "2356"]
[BlackElo "2494"]
[Annotator "TA"]
[PlyCount "54"]
[EventDate "2018.01.02"]
[EventType "tourn"]
[EventCountry "AUS"]
[SourceTitle "playchess.com"]
[Source "ChessBase"]
[SourceQuality "1"]

{[%evp 20,54,0,0,0,-60,-52,-46,-49,-63,-60,-98,-103,-114,-110,-157,-145,-187,-128,-140,-120,-244,-158,-164,-157,-268,-254,-662,-650,-662,-655,-643,-637,-686,-679,-29984,-3981]} 1. d4 Nf6 2. c4 e6 3. Nc3 Bb4 4. e3 O-O 5. Bd3 d5 6. Nf3 dxc4 7. Bxc4 c5 8. O-O cxd4 9. exd4 b6 10. Bg5 Bb7 11. Ne5 Nbd7 {E54: Nimzo-Indian: Rubinstein: Main Line: 7...dxc4 8 Bxc4} 12. Re1 $146 (12. Nxd7 $11 Qxd7 13. Bxf6 gxf6 14. d5) ({Predecessor:} 12. Nxd7 Qxd7 13. Bxf6 gxf6 14. d5 Bxc3 15. bxc3 Bxd5 16. Qg4+ Kh8 17. Qh4 Bxc4 18. Qxf6+ Kg8 19. Qg5+ Kh8 20. Qf6+ Kg8 21. Qg5+ Kh8 22. Qf6+ Kg8 {½-½ (22) Zhigalko,S (2638)-Adams,M (2727) Heraklio 2017}) 12... Nxe5 $1 $15 13. Rxe5 Rc8 {Black is slightly better.} 14. Qd3 Bd6 15. Re3 {[#]} Bxh2+ $1 {[%mdl 512]} 16. Kf1 (16. Kxh2 Ng4+) 16... Bb8 17. Rh3 {Hoping for Bxf6.} h6 18. Bd2 Qd6 ({Better is} 18... Ng4 $19 19. Ne2 Nf6) 19. Bb3 Rfd8 20. Ne2 (20. Rh4 $17) 20... Qc6 21. f3 Qd7 $36 {[%mdl 2048] White is under strong pressure.} 22. Kf2 {[#]} (22. Bxh6 $17 {was worth a try.} gxh6 23. Qe3) 22... e5 $1 $19 {[%cal Be6e5,Be5e4][%mdl 32] White must now prevent ...e4.} 23. Rxh6 $2 (23. Nc3) 23... e4 24. Qe3 gxh6 25. Qxh6 {Rh1 is the strong threat.} Qf5 {And now ...Ng4+ would win.} 26. Bf4 {[#] Now Rh1 and White clings on.} e3+ $1 27. Kg3 {White hopes to continue with Rh1.} (27. Kxe3 Re8+) 27... Nh5+ {Precision: White = 24%, Black = 92%.} 0-1

[Event "Australian-ch 2018"]
[Site "Sydney"]
[Date "2018.01.05"]
[Round "5"]
[White "O'Connell, Kevin J"]
[Black "Hardegen, Andrew"]
[Result "1-0"]
[WhiteElo "2328"]
[BlackElo "1999"]
[Annotator "ChessBase"]
[PlyCount "67"]
[EventDate "2018.01.02"]
[EventType "tourn"]
[EventCountry "AUS"]
[SourceTitle "playchess.com"]
[Source "ChessBase"]
[SourceQuality "1"]
[TimeControl "40/5400+30:1800+30"]

1. e4 e6 2. d4 d5 3. Nc3 Bb4 4. e5 c5 5. a3 Bxc3+ 6. bxc3 Ne7 7. a4 b6 8. Bb5+ Bd7 9. Bd3 Qc7 10. Nf3 c4 11. Be2 Nbc6 12. O-O h6 13. Ba3 g5 14. h3 Ng6 15. Bd6 Qd8 16. Nh2 f5 17. exf6 Qxf6 18. Bh5 O-O-O 19. Ng4 Qf5 20. Bxg6 Qxg6 21. Ne5 Nxe5 22. dxe5 g4 23. h4 g3 24. a5 Kb7 25. Rb1 Rhg8 26. Qd4 b5 27. f3 Qxc2 28. Qc5 Rc8 29. Rxb5+ Bxb5 30. Qxb5+ Ka8 31. Rb1 Qb3 32. Rxb3 cxb3 33. a6 Rg7 34. Qxb3 1-0

[Event "Australian-ch 2018"]
[Site "Sydney"]
[Date "2018.01.05"]
[Round "5"]
[White "Brown, Andrew"]
[Black "Winkelman, Albert"]
[Result "1-0"]
[WhiteElo "2293"]
[BlackElo "2017"]
[Annotator "ChessBase"]
[PlyCount "69"]
[EventDate "2018.01.02"]
[EventType "tourn"]
[EventCountry "AUS"]
[SourceTitle "playchess.com"]
[Source "ChessBase"]
[SourceQuality "1"]
[TimeControl "40/5400+30:1800+30"]

1. d4 Nf6 2. c4 e6 3. Nc3 Bb4 4. e3 O-O 5. Bd3 d5 6. Nf3 c5 7. O-O Nc6 8. a3 Bxc3 9. bxc3 b6 10. cxd5 exd5 11. Ne5 Nxe5 12. dxe5 Nd7 13. f4 c4 14. Bc2 Nc5 15. a4 Re8 16. Ba3 Ne4 17. Bxe4 dxe4 18. Bd6 f5 19. Qh5 Be6 20. Rfd1 Qd7 21. a5 Qb7 22. h3 Qf7 23. Qh4 Kh8 24. Kh2 Rg8 25. Rf1 bxa5 26. g4 Bd7 27. Rxa5 Be6 28. Qg5 Qb7 29. gxf5 Qb2+ 30. Kh1 Qxc3 31. Ra3 Qb2 32. fxe6 c3 33. Qg2 c2 34. Raa1 Qb3 35. Qxe4 1-0

[Event "Australian-ch 2018"]
[Site "Sydney"]
[Date "2018.01.05"]
[Round "5"]
[White "Guichard, Pauline"]
[Black "Silver, Dmitri"]
[Result "1-0"]
[WhiteElo "2269"]
[BlackElo "1905"]
[Annotator "ChessBase"]
[PlyCount "95"]
[EventDate "2018.01.02"]
[EventType "tourn"]
[EventCountry "AUS"]
[SourceTitle "playchess.com"]
[Source "ChessBase"]
[SourceQuality "1"]
[TimeControl "40/5400+30:1800+30"]

1. Nf3 c6 2. c4 Nf6 3. b3 d5 4. Bb2 Bf5 5. d3 e6 6. Nh4 Bg6 7. Nxg6 hxg6 8. Nd2 Ng4 9. cxd5 cxd5 10. h3 Ne3 11. Qc1 Nxf1 12. Kxf1 Nc6 13. Nf3 Rc8 14. Qe3 Qd7 15. g3 f6 16. Kg2 Bd6 17. Rac1 Kf7 18. a3 e5 19. Nd2 a6 20. h4 Bb8 21. Qf3 Ba7 22. e3 Qe6 23. b4 Ne7 24. h5 g5 25. e4 g4 26. Qe2 Rxc1 27. Bxc1 f5 28. Nf1 fxe4 29. dxe4 d4 30. Bg5 Ng8 31. Nd2 Nf6 32. Bxf6 gxf6 33. Nc4 Bb8 34. Qd3 Kg7 35. Rh4 Kh7 36. Na5 Rc8 37. Nxb7 Rc3 38. Nc5 Rxd3 39. Nxe6 Bd6 40. Rxg4 Rxa3 41. Rg7+ Kh6 42. Rd7 Bxb4 43. Ng7 f5 44. Nxf5+ Kg5 45. h6 Rc3 46. h7 Rc8 47. Rg7+ Kf6 48. Rg8 1-0